| 000 | 00625nam a2200205 u 4500 | ||
|---|---|---|---|
| 005 | 20260312064045.0 | ||
| 008 | 071109s2004 es r 000 0 spa d | ||
| 020 | _a8434467100 | ||
| 035 | _aUPN01000153476 | ||
| 049 | _aCG | ||
| 050 | 4 |
_aL797 _bP3.2 |
|
| 100 | 1 | _aPastor Homs, María Inmaculada | |
| 245 | 1 | 0 |
_aPedagogía museística : _bnuevas perspectivas y tendencias actuales / _cMa. Inmaculada Pastor Homs. |
| 260 |
_aBarcelona, Esp. : _bAriel, _c2004. |
||
| 300 |
_a187 p. : _bfigs., tablas |
||
| 440 | 0 | _aAriel patrimonio | |
| 650 | 2 |
_aMuseos y escuelas _94971 |
|
| 650 | 4 |
_aMuseografía _95131 |
|
| 905 | _aLibro | ||
| 999 |
_c125597 _d125597 |
||